| 000 | 00823cab a2200253 4500 | ||
|---|---|---|---|
| 001 | ABS50439 | ||
| 008 | 090401t1994 xxu||||| |||| 00| 0 eng d | ||
| 035 | _a(Sirsi) u75738 | ||
| 041 | _aeng | ||
| 245 | _aDeals gazette | ||
| 260 | _c1994 | ||
| 350 | _a0 | ||
| 490 |
_aEstates Gazette _v(9417) 30 April 1994, 117-135(19) |
||
| 520 | _aLists major property deals throughout the UK published October to December 1993. Premises are entered by town alphabetically under the headings industrial, investment, land, offices and retail. | ||
| 650 | _aINDUSTRIAL PROPERTY | ||
| 650 | _aINVESTMENT PROPERTY | ||
| 650 | _aLAND | ||
| 650 | _aOFFICES | ||
| 650 | _aPROPERTY DEALS | ||
| 650 | _aRETAIL PROPERTY | ||
| 690 | _aPROPERTY-COMMERCIAL PROPERTY-COMMERCIAL PROPERTY MARKET | ||
| 942 | _n0 | ||
| 948 | _c04/03/1997 | ||
| 999 |
_c47638 _d47638 |
||